Catálogo

El libro de los libros : (Registro nro. 41349)

Detalles MARC
000 -LEADER
fixed length control field 01694cam a2200421 i 4500
001 - CONTROL NUMBER
control field 41349
003 - CONTROL NUMBER IDENTIFIER
control field Mx-PuUPA
005 - DATE AND TIME OF LATEST TRANSACTION
control field 20250410145515.0
008 - FIXED-LENGTH DATA ELEMENTS--GENERAL INFORMATION
fixed length control field 140415s1998 sp a gr 001 0 spa d
017 ## - COPYRIGHT OR LEGAL DEPOSIT NUMBER
Copyright or legal deposit number B. 23.237-1998
020 ## - INTERNATIONAL STANDARD BOOK NUMBER
International Standard Book Number 842644556X
040 ## - CATALOGING SOURCE
Original cataloging agency Mx-PuUPA
Language of cataloging spa
Transcribing agency Mx-PuUPA
Modifying agency Mx-PuUPA
Description conventions rda
041 1# - LANGUAGE CODE
Language code of text/sound track or separate title spa
Language code of original ger
100 1# - MAIN ENTRY--PERSONAL NAME
Personal name Buchholz, Quint,
Dates associated with a name 1957-
Relator term ilustrador
9 (RLIN) 16942
240 10 - UNIFORM TITLE
Uniform title BuchBilderBuch.
Language of a work Español
245 10 - TITLE STATEMENT
Title El libro de los libros :
Remainder of title historias sobre imágenes /
Statement of responsibility, etc. Quint Buchholz, [ilustrador]; autores, Jostein Gaarder, Herta Müller, Eduardo Mendoza [y otros 43] ; traductores, María Ángeles Grau, Claudia Conde, Anders Forsberg [y otros ocho]
250 ## - EDITION STATEMENT
Edition statement Segunda edición /
Remainder of edition statement mayo
264 #1 - PRODUCTION, PUBLICATION, DISTRIBUTION, MANUFACTURE, AND COPYRIGHT NOTICE
Place of production, publication, distribution, manufacture Barcelona, España :
Name of producer, publisher, distributor, manufacturer Editorial Lumen,
Date of production, publication, distribution, manufacture, or copyright notice 1998
300 ## - PHYSICAL DESCRIPTION
Extent 120 páginas :
Other physical details ilustraciones ;
Dimensions 24 cm
336 ## - CONTENT TYPE
Fuente rdacontent
Content type term texto
Content type code txt
337 ## - MEDIA TYPE
Source rdamedia
Media type term sin medio
Media type code n
338 ## - CARRIER TYPE
Source rdacarrier
Carrier type term volumen
Carrier type code nc
650 #7 - SUBJECT ADDED ENTRY--TOPICAL TERM
Source of heading or term armarc
Topical term or geographic name entry element Libros y lectura
Form subdivision Novela
650 #7 - SUBJECT ADDED ENTRY--TOPICAL TERM
Source of heading or term armarc
Topical term or geographic name entry element Literatura
Chronological subdivision Siglo XX
Form subdivision Antologías
650 #7 - SUBJECT ADDED ENTRY--TOPICAL TERM
Source of heading or term armarc
Topical term or geographic name entry element Cuentos cortos
General subdivision Traducciones al español
655 #4 - INDEX TERM--GENRE/FORM
Genre/form data or focus term Novela alemana
700 1# - ADDED ENTRY--PERSONAL NAME
Personal name Gaarder, Jostein,
Relator term autor
700 1# - ADDED ENTRY--PERSONAL NAME
Personal name Müller, Herta,
Relator term autor
700 1# - ADDED ENTRY--PERSONAL NAME
Personal name Mendoza, Eduardo,
Relator term autor
700 1# - ADDED ENTRY--PERSONAL NAME
Personal name Grau, María Ángeles,
Relator term traductor
700 1# - ADDED ENTRY--PERSONAL NAME
Personal name Conde, Claudia,
Relator term traductor
700 1# - ADDED ENTRY--PERSONAL NAME
Personal name Forsberg, Anders,
Relator term traductor
765 ## - ORIGINAL LANGUAGE ENTRY
Main entry heading Buchholz, Quint
Place, publisher, and date of publication Zúrich : Sanssouci Verlag AG, ©1997
Title BuchBilderBuch
942 ## - ADDED ENTRY ELEMENTS (KOHA)
Source of classification or shelving scheme Dewey Decimal Classification
Koha item type Libro
Classification part 833.91
Item part B5818
Existencias
Withdrawn status Lost status Source of classification or shelving scheme Damaged status Not for loan Collection code Home library Current library Shelving location Date acquired Source of acquisition Cost, normal purchase price Total Checkouts Full call number Barcode Date last seen Cost, replacement price Price effective from Koha item type
    Dewey Decimal Classification     General Biblioteca Karol Wojtyla Biblioteca Karol Wojtyla Sala general 06/03/2025 Donación 0.00   833.91 B5818 1998 47580 05/01/2026 0.00 03/12/2013 Libro